Úvery a pôžičky v podvojnom účtovníctve

Podnikateľské subjekty sa niekedy dostávajú do situácie, keď nemajú dostatok finančných prostriedkov na zabezpečenie svojej podnikateľskej činnosti a plnenie svojich záväzkov. Situáciu riešia formou úveru od banky alebo pôžičkou od subjektov v rámci konsolidovaného celku alebo od iných subjektov. Na...

Descripción completa

Guardado en:
Detalles Bibliográficos
Autor principal: Gášpárová, Eva
Formato: Capítulo de libro
Lenguaje:eslovaco
Materias:
Etiquetas: Agregar Etiqueta
Sin Etiquetas, Sea el primero en etiquetar este registro!

MARC

LEADER 00000naa a2200000 4500
001 0224603
005 20231208091610.0
041 0 |a slo 
044 |a SK 
245 1 0 |a Úvery a pôžičky v podvojnom účtovníctve  |c Eva Gášpárová 
520 |a Podnikateľské subjekty sa niekedy dostávajú do situácie, keď nemajú dostatok finančných prostriedkov na zabezpečenie svojej podnikateľskej činnosti a plnenie svojich záväzkov. Situáciu riešia formou úveru od banky alebo pôžičkou od subjektov v rámci konsolidovaného celku alebo od iných subjektov. Na druhej strane sú podnikateľské subjekty, ktoré majú voľné finančné prostriedky a tieto môžu formou pôžičky poskytnúť inému podnikateľskému subjektu a tak ich zhodnotiť. 
610 2 0 |a pôžičky 
610 2 0 |a úver 
610 2 0 |a podnikatelia 
610 2 0 |a účtovníctvo podvojné 
100 1 |a Gášpárová, Eva